000 00718nam a2200217Ii 4500
001 11741
003 CO-ViMGA
008 241108s9999||||xx |||||||||||||| ||und||
020 _a9589281028
040 _aCO-ViMGA
_bspa
_erda
_cCO-ViMGA
041 0 _aspa
082 0 4 _a986.101 A837
110 1 _aAsociación Instituto Lingüístico de Verano,
_918379
245 1 0 _aCulturas Indígenas - Colombia :
_bProyecto de la Asociación Intituto Lingüistico de Verano
264 1 _aBogotá, Colombia : Editorial Buena Semilla, 1994
300 _avolumen
336 _atext
_btxt
_2rdacontent
337 _aunmediated
_bn
_2rdamedia
338 _avolume
_bnc
_2rdacarrier
940 _aidficha_siabuc: 11465. -- ficha_no_siabuc:11741
999 _c48114
_d48114